01362nam a22003497a 4500003000500000005001700005008004100022010001000063011001000073035001000083040000900093090001000102100004800112245013400160260004100294300003100335502010700366590003700473590004100510590004100551590004100592590004100633590004200674650003600716650003600752650002800788901000700816942001000823949003500833999001700868952012700885CHAP20220329135540.0971013s1979 r 00010 d a38319 a39291 a43411 cCHAP aTesis00aPedraza Martínez, Félix Alberto.986540 aEfecto del compuesto diflubenzuron en la viabilidad de larvas y fertilidad de adultos de tres líneas de Musca domestica Linné a(Monterrey, N.L.) :bEl autor,c1979 a111 h.b: ilus. ; gráfs. aTesis (M.C. Esp. en Parasitología Agrícola) -- ITESM. Div. de Ciencias Agropecuarias y Marítimas aALEPHb10c20130110lUCH01h1304 aBATCH-UPDb10c20130110lUCH01h0337 aBATCH-UPDb10c20130110lUCH01h1733 aBATCH-UPDb10c20130410lUCH01h1512 aBATCH-UPDb10c20130914lUCH01h1325 aCONVERSIONb10c20130109lUCH01h132114aEsterilidad en insectos.93829114aInsecticidasxToxicidad.95888214aMusca domestica.979867 aBK cTESIS bBCcTESd-99473eTS1i43411si c38319d38319 00102local4051708TESISaBCbBCcPA_TESISd2012-12-17fTESISl0oTesisp-99473r2019-12-31 00:00:00w2019-12-31yTESIS